02924nam a2200301Ia 450000500170000000800410001702000180005808200200007610000240009624500560012025000120017626000390018830000150022765000240024294200070026699900190027395202120029295202120050495202310071695202160094795202120116395202120137595202120158795202120179995202120201195202120222395201870243520250201095958.0231217s9999 xx 000 0 und d a9788131725283 a001.642 STA;11 aStallings, William. 0aOperating systems : Internals and design principles a6th ed. c2009bPearson EducationaNew Delhi axviii, 822 aOperating,Internals cAA c184197d184197 r2024-01-26 00:00:00l0o001.642 STA;11p56350W20v316.00w2024-01-26yAA1040708CS00K0910/0778L09/05/2013aMLbMLcCSd2009-10-01eSurya Infotainment Products Pvt. Ltd.g395.00ECSGRSF1V79URupees r2024-01-26 00:00:00l0o001.642 STA;12p56351W20v316.00w2024-01-26yAA1040708CS00K0910/0778L09/05/2013aMLbMLcCSd2009-10-01eSurya Infotainment Products Pvt. Ltd.g395.00ECSGRSF1V79URupees r2026-02-26 14:07:58l1m1o001.642 STA;13 Rp56352W20s2026-01-12v316.00w2024-01-26yAA1040708CL00K0910/0778L09/05/2013aMLbLRCcCLd2009-10-01eSurya Infotainment Products Pvt. Ltd.g395.00ECSGRSF1V79URupees r2024-01-26 00:00:00l0o001.642 STA;14 R1p56353W20v316.00w2024-01-26yAA1040708CL00K0910/0778L09/05/2013aMLbMLcCLd2009-10-01eSurya Infotainment Products Pvt. Ltd.g395.00ECSGRSF1V79URupees r2024-01-26 00:00:00l0o001.642 STA;15p56354W20v316.00w2024-01-26yAA1040708CL00K0910/0778L09/05/2013aMLbMLcCLd2009-10-01eSurya Infotainment Products Pvt. Ltd.g395.00ECSGRSF1V79URupees r2024-01-26 00:00:00l0o001.642 STA;16p56355W20v316.00w2024-01-26yAA1040708CL00K0910/0778L09/05/2013aMLbMLcCLd2009-10-01eSurya Infotainment Products Pvt. Ltd.g395.00ECSGRSF1V79URupees r2024-01-26 00:00:00l0o001.642 STA;17p56356W20v316.00w2024-01-26yAA1040708CL00K0910/0778L09/05/2013aMLbMLcCLd2009-10-01eSurya Infotainment Products Pvt. Ltd.g395.00ECSGRSF1V79URupees r2024-01-26 00:00:00l0o001.642 STA;18p56357W20v316.00w2024-01-26yAA1040708CL00K0910/0778L09/05/2013aMLbMLcCLd2009-10-01eSurya Infotainment Products Pvt. Ltd.g395.00ECSGRSF1V79URupees r2024-01-26 00:00:00l0o001.642 STA;19p56358W20v316.00w2024-01-26yAA1040708CL00K0910/0778L20/05/2013aMLbMLcCLd2009-10-01eSurya Infotainment Products Pvt. Ltd.g395.00ECSGRSF1V79URupees r2024-01-26 00:00:00l0o001.642 STA;20p56359W20v316.00w2024-01-26yAA1040708CL00K0910/0778L20/05/2013aMLbMLcCLd2009-10-01eSurya Infotainment Products Pvt. Ltd.g395.00ECSGRSF1V79URupees r2024-01-26 00:00:00l0o001.642 STA;21p57653W25v296.25w2024-01-26yAA1040708CS00K11L10/10/2013aMLbMLcCSd2009-12-23eSapna Book Houseg395.00ECSGRSF1V98.75URupees